Eurocounsel informe final consolidado de la fase El asesoramiento: un instrumento para la prevención y la solución del desempleo

Guardado en:
Bibliografiske detaljer
Hovedforfatter: Watt, Glenys
Institution som forfatter: Fundación Europea para la mejora de las condiciones de vida y de trabajo
Format: Texto
Udgivet: Bruselas: Oficina de Publicaciones Oficiales de las Comunidades Europeas
Tags: Tilføj Tag
Ingen Tags, Vær først til at tagge denne postø!

MARC

LEADER 00000 a a2200000 04500
001 23356
003
040 |a CRAI/IIS  |c CRAI/IIS 
020 |a 92-826-7865-2  
090 |a 161400  
100 |a Watt, Glenys  
110 |a Fundación Europea para la mejora de las condiciones de vida y de trabajo  
245 |a Eurocounsel informe final consolidado de la fase El asesoramiento: un instrumento para la prevención y la solución del desempleo  
260 |a Bruselas:   |b Oficina de Publicaciones Oficiales de las Comunidades Europeas  
300 |a 135 p.  
999 |c 6018  |d 6018